Ninjago : tous les pouvoirs élémentaires et leurs sources - Statistiques

Statistiques générales
  • Ce quiz a été pris 276 fois
    34 depuis la dernière actualisation
  • Le résultat moyen est 28 sur 40
Statistiques - réponses
Dragon source Pouvoir élémentaire % Correct
Mouvement Feu
100%
Flux Eau
93%
Concentration Glace
93%
Force Terre
93%
Énergie Foudre
87%
Flux Fumée
87%
Concentration Technologie
87%
Mouvement Vitesse
87%
Énergie Chaleur
80%
Force Métal
80%
Vie Nature
80%
Mouvement Ondes de choc
80%
Vie Poison
80%
Mouvement Séismes
80%
Flux Vent
80%
Vie Vie
80%
Équilibre Ambre
73%
Énergie Lumière
73%
Flux Forme
73%
Équilibre Ombre
73%
Mouvement Son
73%
Équilibre Équilibre
67%
Concentration Esprit
67%
Chaos Essaim
67%
Chaos Force brute
67%
Force Gravité
67%
Chaos Peur
67%
Flux Temps
67%
Chaos Infortune
60%
Vie Taille
60%
Force Assemblage
53%
Chaos Décomposition
53%
Tous sauf Chaos Pouvoir d'or
53%
Aucun Destruction
47%
Vie Plantes
47%
Concentration Réflexes
47%
Concentration Illusion
40%
Aucun Ténèbres
40%
Force Tension superficielle
40%
Énergie Propulsion
33%
Aucun quiz correspondant
Distribution des résultats
% des personnes avec chaque résultat
Percentile par nombre de réponses
Votre historique - résultats
Vous n’avez pas pris ce quiz depuis la dernière actualisation